| 000 | 00694cab a2200229 4500 | ||
|---|---|---|---|
| 001 | X1979 | ||
| 008 | 090401t1995 xxu||||| |||| 00| 0 eng d | ||
| 035 | _a(Sirsi) u20804 | ||
| 041 | _aeng | ||
| 245 | _aWrexham Maelor BC v Macdougall and others | ||
| 260 | _c1995 | ||
| 350 | _a0 | ||
| 490 |
_aProperty and Compensation Reports _v1995 69 P&CR 109-134(26) |
||
| 520 | _aCA 1 April 1993. | ||
| 650 | _aCOMPENSATION | ||
| 650 |
_aCompulsory purchase _96228 |
||
| 650 | _aLAND COMPENSATION ACT 1973 S37 | ||
| 650 | _aLEASEHOLD INTEREST | ||
| 690 | _aENVIRONMENTAL AND LAND CONSULTANCY-PLANNING AND DEVELOPMENT-COMPULSORY PURCHASE AND COMPENSATION | ||
| 942 | _n0 | ||
| 948 | _c04/03/1997 | ||
| 999 |
_c13942 _d13942 |
||